Criminal Law Cases & Materials (Record no. 20021)

MARC details
000 -LEADER
fixed length control field 00345nam a22001457a 4500
008 - FIXED-LENGTH DATA ELEMENTS--GENERAL INFORMATION
fixed length control field 230523b |||||||| |||| 00| 0 eng d
020 ## - INTERNATIONAL STANDARD BOOK NUMBER
ISBN 9789395116015
100 ## - MAIN ENTRY--AUTHOR NAME
Personal name K.D. Gaur
245 ## - TITLE STATEMENT
Title Criminal Law Cases & Materials
250 ## - EDITION STATEMENT
Edition statement 10th Ed.
260 ## - PUBLICATION, DISTRIBUTION, ETC. (IMPRINT)
Place of publication Haryana
Name of publisher LN Pub.
Year of publication 2022
300 ## - PHYSICAL DESCRIPTION
Number of Pages 1100
546 ## - LANGUAGE NOTE
Language note English
942 ## - ADDED ENTRY ELEMENTS (KOHA)
Source of classification or shelving scheme Dewey Decimal Classification
Koha item type Books
Holdings
Accession Number Cost, normal purchase price Bill Date Source of acquisition Price effective from Koha item type Withdrawn / writtenoff status Damaged status Not for loan Permanent Location Current Location Shelving location Date acquired Lost/ Missing status department
LLB 524 1550.00 11-05-2023 ABD Publisher, Jammu 05/23/2023 Books     Not For Loan MIET Library, Jammu MIET Library, Jammu 180/4 05/15/2023   BBA LLB
LLB 525 1550.00 11-05-2023 ABD Publisher, Jammu 05/23/2023 Books       MIET Library, Jammu MIET Library, Jammu 177/3 05/15/2023   BBA LLB
LLB 526 1550.00 11-05-2023 ABD Publisher, Jammu 05/23/2023 Books       MIET Library, Jammu MIET Library, Jammu 177/3 05/15/2023   BBA LLB
LLB 527 1550.00 11-05-2023 ABD Publisher, Jammu 05/23/2023 Books       MIET Library, Jammu MIET Library, Jammu 177/3 05/15/2023   BBA LLB
LLB 528 1550.00 11-05-2023 ABD Publisher, Jammu 05/23/2023 Books       MIET Library, Jammu MIET Library, Jammu 177/3 05/15/2023   BBA LLB
LLb 886 1550.00 24-5-2023 Radha Krishna Anand & Co, Jammu 05/30/2023 Books       MIET Library, Jammu MIET Library, Jammu 177/3 05/26/2023   BBA LLB
LLb 887 1550.00 24-5-2023 Radha Krishna Anand & Co, Jammu 05/30/2023 Books       MIET Library, Jammu MIET Library, Jammu 177/3 05/26/2023   BBA LLB
LLb 888 1550.00 24-5-2023 Radha Krishna Anand & Co, Jammu 05/30/2023 Books       MIET Library, Jammu MIET Library, Jammu 177/3 05/26/2023   BBA LLB
LLb 889 1550.00 24-5-2023 Radha Krishna Anand & Co, Jammu 05/30/2023 Books       MIET Library, Jammu MIET Library, Jammu 177/3 05/26/2023   BBA LLB
LLb 890 1550.00 24-5-2023 Radha Krishna Anand & Co, Jammu 05/30/2023 Books       MIET Library, Jammu MIET Library, Jammu 177/3 05/26/2023   BBA LLB